The Life of J. R. R. Tolkien - Statistics

General Stats
  • This quiz has been taken 41 times
    39 since last reset
  • The average score is 19 of 30
Answer Stats
Hint Answer % Correct
Which university did he attend? Oxford
94%
How old was he when his mother died? 12
89%
What is the name of the world where his stories take place? Middle-earth
89%
What famous trilogy did he write? The Lord of the Rings
89%
In which war did he serve? World War I
89%
What major historical event was happening while he was writing much of The Lord of the Rings? World War II
89%
How old was he when he got married? 21
83%
How old was he when his father died? 3
83%
In which country did he live most of his life? England
83%
What do the initials J. R. R. stand for? John
83%
When did he die? 1973
78%
What religion was he? Catholic
78%
What are the names of his children? John Francis Reuel Tolkien
78%
What year was he born? 1892
72%
Christopher John Reuel Tolkien
72%
What book did he write for his children? The Hobbit
72%
Where was he born? Bloemfontein
67%
Which close friend and fellow author encouraged Tolkien to publish his works? C. S. Lewis
67%
Reuel
67%
Ronald
67%
Which names from his legendarium are inscribed on his and his wife’s grave? Beren and Luthien
61%
Name one of the two main Elvish languages Tolkien invented: Quenya and Sindarin
61%
What language family heavily inspired his invented languages? Uralic
50%
What was the name of his wife? Edith Mary Bratt
44%
What rank did he hold during World War I? Second Lieutenant
39%
Michael Hilary Reuel Tolkien
17%
Priscilla Mary Anne Reuel Tolkien
17%
What was the name of the society Tolkien and three of his friends formed? T. C. B. S. (Tea Club and Barrovian Society)
11%
Who was the guardian of Tolkien after his mother died? Father Francis Morgan
6%
Name one of the two languages that he and his cousins invented: Animalic and Nevbosh
0%
No matching quizzes found
Score Distribution
Percent of People with Each Score
Percentile by Number Answered
Your Score History
You have not taken this quiz since the last reset